| 000 | 00405nam a2200133Ia 4500 | ||
|---|---|---|---|
| 008 | 211109s9999||||xx |||||||||||||| ||und|| | ||
| 082 |
_a894.8123 _bBUD-R |
||
| 100 | _aBudhadeva Bose, | ||
| 245 | 0 | _aRathrimuzhuvan | |
| 260 |
_bMedia World Communications _aChry No 206 _c1900 |
||
| 630 | _xGENERAL STACK | ||
| 650 |
_aLiterature _vMalayalam Literature _xMalayalam novelMalayalam FictionStory |
||
| 942 | _cBOOK | ||
| 999 |
_c47141 _d47141 |
||